[Event "IECG C1.1999.0.00219"]
[Site "IECG email"]
[Date "1999.07.02"]
[Round "?"]
[White "Gower, Albert"]
[Black "Salai, Josip"]
[Result "1/2-1/2"]
[WhiteElo "2100"]
[BlackElo "1850"]
[PlyCount "115"]
[EventDate "1999.07.02"]
[EventType "tourn (corr)"]
[EventRounds "6"]
[SourceTitle "Corr 2008"]
[Source "ChessBase"]
[SourceDate "2008.06.24"]
[SourceVersion "1"]
[SourceVersionDate "2008.06.24"]
[SourceQuality "1"]

1. d4 Nf6 2. Nf3 e6 3. Bg5 h6 4. Bxf6 Qxf6 5. e4 d6 6. Nc3 a6 7. e5 Qd8 8. Bd3 d5 9. Ne2 c5 10. c3 Nc6 11. a3 Bd7 12. 0-0 Be7 13. h3 a5 14. Qd2 c4 15. Bc2 a4 16. Qf4 0-0 17. Qg4 f5 18. exf6 Bxf6 19. Qg6 Qc7 20. Qh7+ Kf7 21. Nh2 Ke7 22. Rfe1 b5 23. Ng3 Rh8 24. Qg6 Kd8 25. Nf3 Ne7 26. Qh5 Ra6 27. Ne5 Be8 28. Qf3 Bxe5 29. Rxe5 Bg6 30. Qe2 Bxc2 31. Qxc2 Qd7 32. Rae1 Rf8 33. R5e3 Nf5 34. Nxf5 Rxf5 35. Qe2 Rf6 36. Qh5 Rf5 37. Qg4 Qf7 38. Qg3 Rb6 39. Re5 Rf6 40. Qe3 Rd6 41. Rf1 Rd7 42. f4 g6 43. Rf2 Re7 44. g3 Kd7 45. Kg2 Re8 46. Kf1 Rf8 47. h4 Rf5 48. Re2 Re8 49. Kg2 Qe7 50. g4 Rxe5 51. Qxe5 Rf8 52. Kg3 Qf7 53. Kf3 g5 54. hxg5 hxg5 55. Qxg5 Qh7 56. Kf2 Qh2+ 57. Ke3 Qh3+ 58. Kd2 1/2-1/2

[Event "IECG C1.1999.0.00219"]
[Site "IECG email"]
[Date "1999.07.02"]
[Round "?"]
[White "Sherwood, Russell"]
[Black "Gower, Albert"]
[Result "1/2-1/2"]
[WhiteElo "2000"]
[BlackElo "2100"]
[PlyCount "114"]
[EventDate "1999.07.02"]
[EventType "tourn (corr)"]
[EventRounds "6"]
[SourceTitle "Corr 2008"]
[Source "ChessBase"]
[SourceDate "2008.06.24"]
[SourceVersion "1"]
[SourceVersionDate "2008.06.24"]
[SourceQuality "1"]

1. c4 Nf6 2. Nc3 e6 3. e4 c5 4. e5 Ng8 5. Nf3 Nc6 6. d4 cxd4 7. Nxd4 Nxe5 8. Ndb5 a6 9. Nd6+ Bxd6 10. Qxd6 f6 11. Be3 Ne7 12. Bb6 Nf5 13. Bxd8 Nxd6 14. Bc7 Ke7 15. c5 Ne8 16. Bb6 d5 17. cxd6+ Nxd6 18. Bc5 Nef7 19. Rd1 Rd8 20. Bd3 f5 21. 0-0 Bd7 22. Bxf5 exf5 23. Rfe1+ Be6 24. Nd5+ Kd7 25. Nb6+ Kc6 26. Bxd6 Kxb6 27. Rxe6 Kb5 28. h3 Rac8 29. Rd5+ Kc4 30. Rd1 b6 31. b3+ Kb5 32. a4+ Ka5 33. Kh2 g6 34. g4 Rc3 35. Rd5+ b5 36. Be5 Rxh3+ 37. Kxh3 Rxd5 38. Bc7+ Kb4 39. Rxa6 fxg4+ 40. Kxg4 Kxb3 41. axb5 Rxb5 42. Kf4 Rc5 43. Bb8 Kc2 44. Ra7 Rf5+ 45. Ke4 Ng5+ 46. Ke3 Rf3+ 47. Ke2 Rf7 48. Ra2+ Kb3 49. Ra6 Nf3 50. Kd3 Kb4 51. Ke3 Kb5 52. Re6 g5 53. Rh6 Kc5 54. Ke4 Kc4 55. Bg3 Kc3 56. Ke3 Kc2 57. Rxh7 Rxh7 1/2-1/2